000 00777cam a22002531 4500
001 af 47002673
003 DLC
005 20260227110815.0
008 930506s1941 gw f 000 0 ger c
010 _aaf 47002673
035 _a(OCoLC)28056552
040 _aYale univ. Library
_cCU
_dDLC
042 _apremarc
050 0 0 _aHQ799.G5
_bD3
082 _a943.086
100 1 _aDargel, Margarete.
245 1 0 _aMädel im kampf, erlebnisse und erzählungen,
_cherausgegeben von Margarete Dargel.
250 _a14.-18. tausend.
260 _aWolfenbüttel,
_aBerlin,
_bG. Kallmeyer,
_c1941.
300 _a143, [1] p.
_bplates.
_c19 cm.
500 _aPreface signed: Margarete Dargel-Mallmann.
610 2 0 _aBund Deutscher Mädel.
650 0 _aWorld War, 1939-1945
_zGermany.
999 _c1829
_d1829